000 00190 a2200097 4500
020 _a9788440627438
041 _aspa
100 _aBarklem, Jill
245 _aLa escalera secreta
942 _cBK
999 _c30917
_d30915